LEADER 01326nam a2200241 u 4500 001 000000014869 003 CaOOAMICUS 005 20070226105820.0 008 940713s1859 gw u000 u lat u 035 $a10349546 040 $aPUL$bita 041 1 $alat$agrc 100 0 $aClemens PP.$bI,$cRomanus, s.,$dm. c. 99.$kOpere spurie e dubbie.$0(OLS)http://pul/name/4353 240 10$aEpitome de gestis s. Petri$9(Clemens PP. I, Romanus, s., m. c. 99. Opere spurie e dubbie).$lLatino e greco.$0(OLS)http://pul/title/21333 245 10$aClementinorum epitomae duae. :$bInedita altera nunc primum integra ex codicibus Romanis ex excerptis Tischendorfianis, /$ccura Alberti Rud. Max. Dressel. Accedunt Friderici Wieseleri Adnotationes criticae ad Clementis Romani quae feruntur homilias. 250 $aAltera edita correctior. 260 $aLipsiae :$bJ.C. Hinrichs,$c1859. 300 $aix, 344 p. ;$c22 cm 850 $aPUL 852 $aPUL$W1$xDP1 Antico 800$y27$m21 D 12$j20836$nBK-PRI$b $qStampati Antico$B20836$CPULBib$Z2$F20836 $H $81 941 1 $a15 996 $6245$aClementinorum epitomae duae. :$bInedita altera nunc primum integra ex codicibus Romanis ex excerptis Tischendorfianis,$9(OLS)http://pul/title/21334 996 $6260$aLipsiae :$bJ.C. Hinrichs$9(OLS)http://pul/publisher/54498 LEADER 01327nam a2200301 u 4500 001 000000022979 003 CaOOAMICUS 005 20070226111203.0 008 950429s1984 it u000 u ita u 035 $a10577334 040 $aPUL$bita 041 1 $aita$hger 100 1 $aHengel, Martin,$d1926-$0(OLS)http://pul/name/6030 240 10$aSohn Gottes.$lItaliano.$0(OLS)http://pul/title/32010 245 13$aIl figlio di Dio :$bl'origine della cristologia e la storia della religione giudeo-ellenistica /$cMartin Hengel ; edizione italiana a cura di Omero Soffritti. 260 $aBrescia :$bPaideia,$c1984. 300 $a139 p. ;$c21 cm 490 1 $aStudi biblici ;$v67 500 $aComprende indici. 600 04$aIesus Christus$xAppellativi.$0(OLS)http://pul/subject/8598 700 1 $aSoffritti, Omero.$0(OLS)http://pul/name/6838 830 0$aStudi biblici (Paideia) ;$v67.$0(OLS)http://pul/title/88 850 $aPUL 852 $aPUL$W1$xSL Religione 1$y3$m10 M 67$j32204$nBK-PRI$b $qStampati$B32204$CPULBib$Z2$F32204 $H $81 941 1 $a8 961 $aINV: 53508. 996 $6245$aIl figlio di Dio :$bl'origine della cristologia e la storia della religione giudeo-ellenistica$9(OLS)http://pul/title/32011 996 $6260$aBrescia :$bPaideia$9(OLS)http://pul/publisher/47884